QUICK REVIEW OF AIIMS POSTGRADUATE MEDICAL ENTRANCE EXAMINATION NOV-2002 (Record no. 2794)

MARC details
000 -LEADER
fixed length control field 00414nam a2200145Ia 4500
008 - FIXED-LENGTH DATA ELEMENTS--GENERAL INFORMATION
fixed length control field 150201s2002 xx 000 0 und d
082 ## - DEWEY DECIMAL CLASSIFICATION NUMBER
Classification number 610
Item number P2002S
100 ## - MAIN ENTRY--PERSONAL NAME
Personal name ANURAG SHUKLA
245 ## - TITLE STATEMENT
Title QUICK REVIEW OF AIIMS POSTGRADUATE MEDICAL ENTRANCE EXAMINATION NOV-2002
250 ## - EDITION STATEMENT
Edition statement 1
260 ## - PUBLICATION, DISTRIBUTION, ETC. (IMPRINT)
Name of publisher, distributor, etc. ARORA MEDICAL BOOKS DISTRIBUTOR
Place of publication, distribution, etc. LUCKNOW
Date of publication, distribution, etc. 2002
300 ## - PHYSICAL DESCRIPTION
Extent 1-116
650 ## - SUBJECT ADDED ENTRY--TOPICAL TERM
Topical term or geographic name as entry element GENERAL DENTISTRY
942 ## - ADDED ENTRY ELEMENTS (KOHA)
Source of classification or shelving scheme Dewey Decimal Classification
Koha item type Books
Holdings
Withdrawn status Lost status Source of classification or shelving scheme Damaged status Not for loan Home library Current library Date acquired Source of acquisition Cost, normal purchase price Serial Enumeration / chronology SGTU Bill Number Total Checkouts Full call number Barcode Date last seen Bill Date Koha item type
    Dewey Decimal Classification     SGT Dental Library SGT Dental Library 13/07/2003 U.B.S.DELHI 65.00 1 SGTU 279   610 P2002S FD1281 09/02/2015 22/02/2012 Books